Loading...
| Philosophy | 0 | 2 | 0 | 0 | 20 | 30 | 48.50 | 1 | 2 | 12.83 | 20.83 |
| History - European | 0 | 1 | 0 | 0 | 10 | 99 | 99.00 | 0 | 1 | 0.66 | 5.00 |
| History - World | 0 | 1 | 0 | 0 | 10 | 92 | 92.00 | 0 | 1 | 1.32 | 5.00 |
| Fine Arts - Other | 0 | 1 | 0 | 0 | 10 | 106 | 106.00 | 0 | 0 | 0.70 | 3.33 |
| Literature - World | 0 | 1 | 1 | 0 | 5 | 45 | 45.00 | 1 | 1 | 5.95 | 10.00 |
| Science - Other | 0 | 0 | 1 | 0 | -5 | 0.00 | 0 | 0 | 0.00 | 0.00 | |
| Geography | 0 | 0 | 1 | 0 | -5 | 0.00 | 0 | 0 | 0.00 | 0.00 | |
| History - Other | 0 | 0 | 1 | 0 | -5 | 0.00 | 0 | 0 | 0.00 | 0.00 | |
| Literature - British | 0 | 0 | 1 | 0 | -5 | 0.00 | 0 | 0 | 0.00 | 0.00 | |
| Literature - European | 0 | 0 | 1 | 0 | -5 | 0.00 | 0 | 0 | 0.00 | 0.00 | |
| Mythology | 0 | 0 | 2 | 0 | -10 | 0.00 | 0 | 0 | 0.00 | 0.00 |